Loading...
Literature - World Literature | 0 | 5 | 1 | 0 | 45 | 98 | 108.60 | 0 | 2 |
Literature - European Literature | 0 | 5 | 1 | 0 | 45 | 98 | 126.20 | 0 | 1 |
Literature - American Literature | 0 | 6 | 4 | 1 | 40 | 78 | 93.50 | 1 | 1 |
Literature - British Literature | 0 | 3 | 1 | 1 | 25 | 67 | 126.00 | 0 | 1 |
Fine Arts - Other Fine Arts | 0 | 2 | 0 | 1 | 20 | 66 | 104.00 | 0 | 1 |
Social Science | 0 | 1 | 0 | 1 | 10 | 140 | 140.00 | 0 | 0 |
Fine Arts - Classical Music | 0 | 1 | 0 | 1 | 10 | 138 | 138.00 | 0 | 0 |
History - American History | 0 | 1 | 0 | 0 | 10 | 114 | 114.00 | 0 | 0 |
History - European History | 0 | 2 | 2 | 0 | 10 | 125 | 131.50 | 0 | 0 |
Mythology | 0 | 1 | 0 | 0 | 10 | 107 | 107.00 | 0 | 0 |
Science - Biology | 0 | 1 | 1 | 0 | 5 | 125 | 125.00 | 0 | 0 |
Fine Arts - Painting & Sculpture | 0 | 1 | 1 | 0 | 5 | 151 | 151.00 | 0 | 0 |
Other Academic | 0 | 1 | 1 | 0 | 5 | 140 | 140.00 | 0 | 0 |
Religion | 0 | 1 | 2 | 1 | 0 | 142 | 142.00 | 0 | 0 |
History - Other History | 0 | 0 | 1 | 0 | -5 | 0.00 | 0 | 0 | |
History - World History | 0 | 0 | 1 | 0 | -5 | 0.00 | 0 | 0 | |
Geography | 0 | 0 | 1 | 0 | -5 | 0.00 | 0 | 0 | |
Current Events | 0 | 0 | 1 | 0 | -5 | 0.00 | 0 | 0 | |
Science - Other Science | 0 | 0 | 1 | 0 | -5 | 0.00 | 0 | 0 |